000 01112nas a2200373 4500
001 BR2012006477
003 BR-BrBNA
005 20231205121054.0
007 ta
008 230509b bl.|||p| |||| 00| 00por d
040 _aBR-BrBNA
_bpor
_cBiblioteca Nacional de Agricultura
041 _a(Pt)
072 _aL10
100 1 _aMachado, F.S.
100 1 _aRodriguez, N.M.
100 1 _aRodrigues, J.A.S.
100 1 _aRibas, M.N.
100 1 _aTeixeira, A.M.
100 1 _aRibeiro Júnior, G.O.
100 1 _aVelasco, F.O.
100 1 _aGonçalves, L.C.
100 1 _aGuimarães Júnior, R.
100 1 _aPereira, L.G.R.
245 1 _aQualidade da silagem de híbridos de sorgo em diferentes estádios de maturação
650 _aSORGO
650 _aSILAGEM
650 _aHÍBRIDO
650 _aVALOR NUTRITIVO
650 _aMATURAÇÃO
650 _aDIGESTIBILIDADE
773 0 _tArquivo Brasileiro de Medicina Veterinária e Zootecnia (Brazil)
_xISSN 0102-0935
_g(Jun 2012), v. 64(3) p. 711-720
_wBR2012006477
909 _a202311
_bLúcia
_c55
_dLúcia Elande
942 _2AGRIS
_n0
_cANA
999 _c221703
_d221703